Premier League Players by Name - P - Statistics

General Stats
  • This quiz has been taken 25 times
  • The average score is 11 of 19
Answer Stats
Position Club Nation Player % Correct
GK Everton England Jordan Pickford
100%
FW Arsenal Ivory Coast Nicolas Pepe
100%
MF Manchester United France Paul Pogba
95%
FW Norwich City Finland Teemu Pukki
95%
FW Chelsea United States Christian Pulisic
89%
FW Leicester City Spain Ayoze Perez
84%
GK Burnley England Nick Pope
84%
MF Leeds United England Kalvin Phillips
79%
DF Liverpool England Nathaniel Phillips
79%
DF Leicester City Portugal Ricardo Pereira
79%
FW Wolves Portugal Daniel Podence
63%
FW Watford Brazil Joao Pedro
42%
DF Burnley Netherlands Erik Pieters
37%
DF Brentford Jamaica Ethan Pinnock
32%
MF Norwich City Poland Przemyslaw Placheta
21%
DF Southampton France Romain Perraud
16%
MF Aston Villa England Jaden Philogene-Bidace
11%
GK Liverpool Brazil Marcelo Pitaluga
11%
MF Brentford England Myles Peart-Harris
11%
No matching quizzes found
Score Distribution
Percent of People with Each Score
Percentile by Number Answered
Your Score History
You have not taken this quiz